Northern lights : (Запис № 531464)

МАРК-запис
000 -LEADER
fixed length control field 01577cam a2200361 a 4500
001 - CONTROL NUMBER
control field northernlightsse00clow
003 - CONTROL NUMBER IDENTIFIER
control field CaSfIA
005 - DATE AND TIME OF LATEST TRANSACTION
control field 20210118193637.0
007 - PHYSICAL DESCRIPTION FIXED FIELD--GENERAL INFORMATION
fixed length control field cr||||
008 - FIXED-LENGTH DATA ELEMENTS--GENERAL INFORMATION
fixed length control field 940309r1994 nyu 000 0 eng
035 ## - SYSTEM CONTROL NUMBER
-- (DLC) 94010196
010 ## - LIBRARY OF CONGRESS CONTROL NUMBER
LC control number 94010196
020 ## - INTERNATIONAL STANDARD BOOK NUMBER
International Standard Book Number 067975542X :
Terms of availability $13.00 ($17.95 Can.)
040 ## - CATALOGING SOURCE
Original cataloging agency DLC
Transcribing agency DLC
Modifying agency DLC
-- CaSfIA
043 ## - GEOGRAPHIC AREA CODE
Geographic area code n-usp--
050 00 - LIBRARY OF CONGRESS CALL NUMBER
Classification number PS561
Item number .N67 1994
082 00 - DEWEY DECIMAL CLASSIFICATION NUMBER
Classification number 810.8/0978
Edition number 20
245 00 - TITLE STATEMENT
Title Northern lights :
Medium [electronic resource]
Remainder of title a selection of new writing from the American West /
Statement of responsibility, etc edited by Deborah Clow and Donald Snow.
250 ## - EDITION STATEMENT
Edition statement 1st ed.
260 ## - PUBLICATION, DISTRIBUTION, ETC. (IMPRINT)
Place of publication, distribution, etc New York :
Name of publisher, distributor, etc Vintage Books,
Date of publication, distribution, etc 1994.
300 ## - PHYSICAL DESCRIPTION
Extent xvi, 398 p. ;
Dimensions 21 cm.
506 ## - RESTRICTIONS ON ACCESS NOTE
Standardized terminology for access restriction Необхідна авторизація на https://archive.org/ (створення облікового запису безкоштовно)
506 ## - RESTRICTIONS ON ACCESS NOTE
Standardized terminology for access restriction Необхідна авторизація на https://openlibrary.org/ (створення облікового запису безкоштовно)
651 #0 - SUBJECT ADDED ENTRY--GEOGRAPHIC NAME
Geographic name West (U.S.)
General subdivision Literary collections.
650 #0 - SUBJECT ADDED ENTRY--TOPICAL TERM
Topical term or geographic name as entry element American literature
Geographic subdivision West (U.S.)
700 1# - ADDED ENTRY--PERSONAL NAME
Personal name Clow, Deborah.
700 1# - ADDED ENTRY--PERSONAL NAME
Personal name Snow, Donald.
730 0# - ADDED ENTRY--UNIFORM TITLE
Uniform title Northern lights.
856 41 - ELECTRONIC LOCATION AND ACCESS
Uniform Resource Identifier <a href="http://www.archive.org/details/northernlightsse00clow">http://www.archive.org/details/northernlightsse00clow</a>
Public note Free eBook from the Internet Archive
856 42 - ELECTRONIC LOCATION AND ACCESS
Uniform Resource Identifier <a href="http://www.openlibrary.org/books/OL1086267M">http://www.openlibrary.org/books/OL1086267M</a>
Public note Additional information and access via Open Library
856 42 - ELECTRONIC LOCATION AND ACCESS
Materials specified Publisher description
Uniform Resource Identifier <a href="http://www.loc.gov/catdir/description/random042/94010196.html">http://www.loc.gov/catdir/description/random042/94010196.html</a>
942 ## - ADDED ENTRY ELEMENTS (KOHA)
Koha item type ЕКнига

Немає доступних примірників.